000 00973nam a22002297a 4500
999 _c2729
_d2729
003 AR-CdUCM
008 190305b ||||| |||| 00| 0 spa d
020 _a0-88132-116-8
040 _aMUNICIPALIDAD PROVINCIAL DEL CUSCO
_cBIBLIOTECA MUNICIPAL DEL CUSCO
041 _heng
082 _a330.9 /
_bK84
100 _aKrugman, Paul R.
_99551
245 _a¿Han funcionado los cambios en la economía mundial? /
260 _aMéxico, D.F :
_bGernika,
_c1992.
300 _a103 páginas ;
_c22 cm.
505 _aContenido: La concepción común sobre el ajuste internacional de la balanza de pagos -- Objeciones a la concepción común -- Implicaciones políticas de los puntos de vista opcionales -- La crónica del ajuste -- El proceso de ajuste internacional: un veredicto.
650 _aRelaciones económicas internacionales
_94074
650 _aBalanza comercial-Estados Unidos.
_99552
650 _aBalanza de pagos
_99553
942 _2ddc
_cLIBROS
945 _azta